Größte Städte Deutschlands - Statistiken

Allgemein
  • Dieses Quiz wurde 470 mal gespielt
  • Das Durchschnittsergebnis liegt bei 13 aus 15
Antwortstatistiken
Einwohnerzahl Stadt % Korrekt
3.685.265 Berlin
100%
1.862.565 Hamburg
99%
1.024.621 Köln
99%
1.505.005 München
99%
613.111 Stuttgart
94%
756.021 Frankfurt am Main
93%
618.685 Düsseldorf
91%
586.271 Bremen
89%
603.462 Dortmund
89%
608.013 Leipzig
89%
563.019 Dresden
87%
522.131 Hannover
85%
529.508 Nürnberg
81%
574.682 Essen
77%
502.270 Duisburg
63%
Keine übereinstimmenden Quizze gefunden
Verteilung der Resultate
Anzahl Personen mit jedem Resultat
Perzentil nach korrekt beantworteten Fragen
Ihre Resultats-Entwicklung
Sie haben dieses Quiz noch nicht gespielt